[Event "Oberliga Nord O 1819"]
[Site "Germany"]
[Date "2018.11.11"]
[Round "2.1"]
[White "De Wiljes, Jan Hendrik"]
[Black "Penzold, Andreas"]
[Result "0-1"]
[WhiteElo "2336"]
[BlackElo "2405"]
[PlyCount "86"]
[EventDate "2018.10.21"]
[EventType "team-tourn"]
[EventRounds "9"]
[EventCountry "GER"]
[SourceTitle "EXT 2020"]
[Source "ChessBase"]
[SourceDate "2019.10.17"]
[SourceVersion "1"]
[SourceVersionDate "2019.10.17"]
[SourceQuality "1"]
[WhiteTeam "Berlin SF III"]
[BlackTeam "Potsdam Empor"]
[WhiteTeamCountry "GER"]
[BlackTeamCountry "GER"]

1. d4 Nf6 2. c4 g6 3. Nc3 Bg7 4. e4 d6 5. f3 0-0 6. Nge2 c5 7. d5 e6 8. Ng3 exd5 9. cxd5 a6 10. a4 Nbd7 11. Be2 Re8 12. 0-0 h5 13. Bg5 Qa5 14. Nh1 Rb8 15. Nf2 Nh7 16. Bf4 Ne5 17. Bd2 Qd8 18. b3 f5 19. Rc1 Bd7 20. exf5 gxf5 21. Nh3 Ng6 22. f4 h4 23. Bh5 Qf6 24. Ne2 b5 25. Ng5 b4 26. Kh1 Bh6 27. Nxh7 Kxh7 28. Ng1 Re4 29. Nh3 Qb2 30. Rb1 Qd4 31. Bf3 Re7 32. Rc1 Rbe8 33. Rc4 Qb2 34. Bc1 Qb1 35. Bd2 Qxd1 36. Rxd1 a5 37. Kg1 Bc8 38. Kf2 Ba6 39. Rdc1 Bxc4 40. Rxc4 Nf8 41. Bh5 Rb8 42. Bd1 Nd7 43. Bc2 Kg6 0-1

[Event "GER-ch Net final U25"]
[Site "Playchess.com INT"]
[Date "2008.06.15"]
[Round "9"]
[White "Litwak, Aleksej"]
[Black "De Wiljes, Jan Hendrik"]
[Result "1-0"]
[WhiteElo "2284"]
[BlackElo "2308"]
[PlyCount "103"]
[EventDate "2008.06.15"]
[EventType "swiss (blitz)"]
[EventRounds "9"]
[EventCountry "GER"]
[SourceTitle "CBM 124 Extra"]
[Source "ChessBase"]
[SourceDate "2008.07.03"]
[SourceVersion "1"]
[SourceVersionDate "2008.07.03"]
[SourceQuality "1"]

1. e4 g6 2. d4 Bg7 3. Nc3 c6 4. Nf3 d5 5. h3 Nf6 6. e5 Ne4 7. Nxe4 dxe4 8. Ng5 c5 9. Bc4 0-0 10. c3 Nc6 11. Be3 cxd4 12. cxd4 b5 13. Bb3 Qa5+ 14. Qd2 Qxd2+ 15. Kxd2 e6 16. Rac1 Na5 17. Bc2 Nc4+ 18. Ke2 Nxb2 19. Bxe4 Rb8 20. Rc7 a5 21. Rhc1 Nc4 22. Bc6 Nxe3 23. fxe3 b4 24. Ne4 b3 25. axb3 Rxb3 26. Ra7 Rb2+ 27. Kf1 Rb6 28. Rxa5 Ba6+ 29. Ke1 Rc8 30. Rac5 Rbxc6 31. Rxc6 Rxc6 32. Rxc6 Bb7 33. d5 Bxc6 34. dxc6 Bxe5 35. Nf6+ Kg7 36. Ne8+ Kh6 37. c7 Bxc7 38. Nxc7 Kg5 39. Kf2 e5 40. Kf3 f5 41. e4 Kf6 42. Nd5+ Ke6 43. Ne3 Kf6 44. g4 f4 45. Nd5+ Ke6 46. g5 Kd6 47. Nf6 Ke7 48. Nxh7 Kf7 49. Nf6 Ke6 50. Ng4 Kf7 51. Nxe5+ Ke6 52. Ng4 1-0

[Event "GER-ch Net final U25"]
[Site "Playchess.com INT"]
[Date "2008.06.15"]
[Round "2"]
[White "Meier, Georg"]
[Black "De Wiljes, Jan Hendrik"]
[Result "1-0"]
[WhiteElo "2560"]
[BlackElo "2308"]
[PlyCount "153"]
[EventDate "2008.06.15"]
[EventType "swiss (blitz)"]
[EventRounds "9"]
[EventCountry "GER"]
[SourceTitle "CBM 124 Extra"]
[Source "ChessBase"]
[SourceDate "2008.07.03"]
[SourceVersion "1"]
[SourceVersionDate "2008.07.03"]
[SourceQuality "1"]

1. Nf3 c5 2. e4 g6 3. c3 Bg7 4. d4 cxd4 5. cxd4 d5 6. e5 Nc6 7. h3 Nh6 8. Nc3 f6 9. Bb5 0-0 10. exf6 exf6 11. 0-0 Be6 12. Bf4 Rc8 13. Re1 Bf7 14. Qd2 Nf5 15. Rad1 Nd6 16. Bd3 Nb4 17. Bb1 Nc4 18. Qc1 Qa5 19. Re7 b6 20. Rde1 Nc6 21. Rd7 Rfd8 22. Rxd8+ Nxd8 23. Re7 Nc6 24. Rb7 Qb4 25. Nd1 N4a5 26. Rc7 Rxc7 27. Bxc7 Nxd4 28. Nxd4 Qxd4 29. Bg3 Qc4 30. Qd2 Nc6 31. Ne3 Qd4 32. Qc1 Qc5 33. Qd1 d4 34. Nf1 Ne5 35. Nd2 Qd5 36. Qa4 a5 37. Be4 Qxa2 38. Qb5 Qe6 39. Qa6 h5 40. Qa8+ Kh7 41. Kh2 f5 42. Bb7 Nd7 43. Nf3 Nc5 44. Ng5+ Kh6 45. Nxe6 Bxe6 46. Bd5 Bxd5 47. Qxd5 d3 48. Bf4+ g5 49. Be3 Kg6 50. Bxc5 bxc5 51. Qd6+ Kf7 52. Qxd3 Ke6 53. b3 Be5+ 54. g3 h4 55. Qa6+ Kd5 56. Qxa5 hxg3+ 57. fxg3 f4 58. gxf4 Bxf4+ 59. Kg2 Kd4 60. Qb5 Kd5 61. Qc4+ Kd6 62. Kf3 Be5 63. Ke4 Bd4 64. Qd5+ Kc7 65. Qxg5 Kb6 66. Qd5 Kb5 67. Qc4+ Ka5 68. Kf5 Kb6 69. h4 Ka5 70. h5 Kb6 71. b4 cxb4 72. Qxd4+ Ka5 73. h6 Ka4 74. h7 Ka3 75. h8Q b3 76. Qb2+ Kb4 77. Qhc3+ 1-0

[Event "GER-ch Net qual2 U25"]
[Site "Playchess.com INT"]
[Date "2008.06.04"]
[Round "5"]
[White "Golder, Waldemar"]
[Black "De Wiljes, Jan Hendrik"]
[Result "0-1"]
[WhiteElo "1897"]
[BlackElo "2308"]
[PlyCount "80"]
[EventDate "2008.06.04"]
[EventType "swiss (blitz)"]
[EventRounds "7"]
[EventCountry "GER"]
[SourceTitle "CBM 124 Extra"]
[Source "ChessBase"]
[SourceDate "2008.07.03"]
[SourceVersion "1"]
[SourceVersionDate "2008.07.03"]
[SourceQuality "1"]

1. c4 c5 2. Nc3 Nc6 3. g3 g6 4. Bg2 Bg7 5. e4 Nf6 6. Nge2 0-0 7. 0-0 Ne8 8. h3 Nc7 9. d3 Ne6 10. Be3 d6 11. f4 Rb8 12. Rb1 a6 13. f5 Ned4 14. g4 b5 15. b3 b4 16. Nd5 e6 17. fxe6 fxe6 18. Rxf8+ Qxf8 19. Ndf4 Qe7 20. Nxd4 cxd4 21. Bf2 Bd7 22. Qe2 Bh6 23. Bg3 Rf8 24. Rf1 Ne5 25. Qd1 Rf7 26. Ne2 Be3+ 27. Kh2 Rxf1 28. Bxf1 Nf3+ 29. Kh1 e5 30. Bg2 Nh4 31. Qe1 Nxg2 32. Kxg2 Qe6 33. Qxb4 h5 34. Qb8+ Kg7 35. Qd8 hxg4 36. hxg4 Qxg4 37. Qe7+ Kg8 38. Qd8+ Kf7 39. Qh4 Qxe2+ 40. Kh1 Qf1+ 0-1

[Event "GER-ch internet U25 qual 01"]
[Site "Playchess.com INT"]
[Date "2007.05.20"]
[Round "5"]
[White "Andok, Claus Michael"]
[Black "De Wiljes, Jan Hendrik"]
[Result "0-1"]
[WhiteElo "2064"]
[BlackElo "2308"]
[PlyCount "124"]
[EventDate "2007.05.20"]
[EventType "swiss (blitz)"]
[EventRounds "7"]
[EventCountry "GER"]
[SourceTitle "EXT 2009"]
[Source "ChessBase"]
[SourceDate "2008.11.26"]
[SourceVersion "1"]
[SourceVersionDate "2008.11.26"]
[SourceQuality "1"]

1. e4 c5 2. Nf3 g6 3. d3 Bg7 4. g3 Nc6 5. Bg2 e6 6. 0-0 Nge7 7. Nbd2 d5 8. exd5 Nxd5 9. Nb3 b6 10. c3 0-0 11. d4 cxd4 12. Nbxd4 Nce7 13. Bg5 Bb7 14. Qe2 h6 15. Bd2 Rc8 16. Rad1 Qc7 17. Nb5 Qb8 18. c4 Nf6 19. Bf4 Qa8 20. Nc7 Rxc7 21. Bxc7 Nf5 22. Be5 Rc8 23. b3 Bc6 24. Ne1 Bxg2 25. Nxg2 Ne4 26. Bxg7 Kxg7 27. Rfe1 Ng5 28. Qb2+ Kg8 29. Re2 Qf3 30. h4 Ne4 31. Qc2 Nc3 32. Rde1 Nd4 33. Qd2 Ncxe2+ 34. Kh2 Qxf2 35. Rxe2 Nf3+ 36. Kh3 Ng1+ 37. Kh2 Qxe2 38. Qd7 Nf3+ 39. Kh3 Rf8 40. h5 Ng5+ 41. Kh2 Qxh5+ 42. Kg1 Qe2 43. Kh2 h5 44. Qe7 Nf3+ 45. Kh3 Qe4 46. Nf4 Qf5+ 47. Kg2 Ne5 48. Qb7 Ng4 49. Qf3 Qc2+ 50. Kg1 Qh2+ 51. Kf1 Qxa2 52. Qd3 Qa1+ 53. Kg2 Qe1 54. Qd4 e5 55. Nd3 Qe2+ 56. Qf2 Nxf2 57. Nxf2 e4 58. Kg1 e3 59. Nh3 Qf3 60. c5 e2 61. Kh2 e1Q 62. Ng1 Qexg3# 0-1

[Event "GER-ch internet U25 qual 01"]
[Site "Playchess.com INT"]
[Date "2007.05.20"]
[Round "4"]
[White "De Wiljes, Jan Hendrik"]
[Black "Dubkov, Andrej"]
[Result "1-0"]
[WhiteElo "2308"]
[BlackElo "2311"]
[PlyCount "115"]
[EventDate "2007.05.20"]
[EventType "swiss (blitz)"]
[EventRounds "7"]
[EventCountry "GER"]
[SourceTitle "EXT 2009"]
[Source "ChessBase"]
[SourceDate "2008.11.26"]
[SourceVersion "1"]
[SourceVersionDate "2008.11.26"]
[SourceQuality "1"]

1. e4 d5 2. exd5 Qxd5 3. Nc3 Qa5 4. Bc4 Nf6 5. d3 Nc6 6. Bd2 Qf5 7. Nge2 Be6 8. Bxe6 Qxe6 9. 0-0 Qd7 10. b4 e6 11. b5 Ne7 12. a4 Nf5 13. Ne4 Be7 14. Bc3 Nd5 15. Bb2 f6 16. N2g3 Nxg3 17. hxg3 0-0 18. Qh5 e5 19. Kh2 Qe8 20. Qf3 c6 21. c4 Nc7 22. g4 Ne6 23. Ng3 Bc5 24. Nf5 Rd8 25. Rad1 Nd4 26. Bxd4 Bxd4 27. g3 Qd7 28. Kg2 g6 29. Nh4 Kg7 30. Rh1 Kg8 31. Rh2 Rf7 32. Rdh1 Rg7 33. Rd1 Rf8 34. Qe4 f5 35. gxf5 gxf5 36. Qe2 cxb5 37. axb5 Qf7 38. Nf3 Qf6 39. Nxd4 exd4 40. Re1 f4 41. Qe6+ Qxe6 42. Rxe6 fxg3 43. fxg3 Rgf7 44. Re4 Rf2+ 45. Kh3 Rxh2+ 46. Kxh2 Rf2+ 47. Kh3 Kf7 48. Rxd4 Ke6 49. Re4+ Kd6 50. Rh4 Rf7 51. Rh5 b6 52. Rd5+ Ke6 53. Kg4 Rg7+ 54. Kf4 Kf6 55. g4 Kg6 56. Rg5+ Kf6 57. Rxg7 Kxg7 58. Kg5 1-0

[Event "GER-ch internet U25 qual 01"]
[Site "Playchess.com INT"]
[Date "2007.05.20"]
[Round "3"]
[White "Heinz, Axel"]
[Black "De Wiljes, Jan Hendrik"]
[Result "1/2-1/2"]
[WhiteElo "2374"]
[BlackElo "2308"]
[PlyCount "64"]
[EventDate "2007.05.20"]
[EventType "swiss (blitz)"]
[EventRounds "7"]
[EventCountry "GER"]
[SourceTitle "EXT 2009"]
[Source "ChessBase"]
[SourceDate "2008.11.26"]
[SourceVersion "1"]
[SourceVersionDate "2008.11.26"]
[SourceQuality "1"]

1. e4 c5 2. Nf3 g6 3. d4 cxd4 4. Qxd4 Nf6 5. Nc3 Nc6 6. Qa4 d6 7. e5 dxe5 8. Nxe5 Qd4 9. Nxc6 Qxa4 10. Nxa4 bxc6 11. b3 Bg7 12. Bb2 0-0 13. 0-0-0 Ne4 14. Re1 Bh6+ 15. Kb1 Nd2+ 16. Ka1 Nxf1 17. Rhxf1 Re8 18. Nc5 Bf5 19. Kb1 Rad8 20. Rd1 Bf4 21. g3 Bc7 22. f3 h5 23. Rfe1 Ba5 24. Rh1 Bb6 25. Ne4 Bh3 26. Rhe1 Bg2 27. Ng5 Rxd1+ 28. Rxd1 f6 29. Rd2 Bh1 30. Rd1 Bg2 31. Rd2 Bh1 32. Rd1 Bg2 1/2-1/2

[Event "GER-chT U20"]
[Site "Cologne"]
[Date "2004.12.28"]
[Round "4.1"]
[White "De Wiljes, Jan Hendrik"]
[Black "Seifert, Volker"]
[Result "1-0"]
[WhiteElo "2325"]
[BlackElo "2301"]
[PlyCount "79"]
[EventDate "2004.12.27"]
[EventType "team"]
[EventRounds "7"]
[EventCountry "GER"]
[SourceTitle "CBM 104 Extra"]
[Source "ChessBase"]
[SourceDate "2005.03.01"]
[SourceVersion "1"]
[SourceVersionDate "2005.03.01"]
[SourceQuality "1"]
[WhiteTeam "Ricklingen (U20)"]
[BlackTeam "Dresden SC (U20)"]
[WhiteTeamCountry "GER"]
[BlackTeamCountry "GER"]

1. e4 e6 2. d3 d5 3. Nd2 Nf6 4. Ngf3 Be7 5. g3 0-0 6. Bg2 c5 7. 0-0 Nc6 8. Re1 b5 9. exd5 exd5 10. c4 Rb8 11. cxb5 Rxb5 12. Nf1 Bd6 13. b3 Re8 14. Rxe8+ Qxe8 15. Bb2 d4 16. N1d2 Bf5 17. Nc4 Bc7 18. Qd2 Nb4 19. Bf1 h6 20. a3 Nc6 21. b4 Bg4 22. Bg2 cxb4 23. Nxd4 Nxd4 24. Bxd4 Qd8 25. Bxa7 bxa3 26. Nxa3 Rb3 27. d4 Be6 28. Nc2 Bd5 29. Bxd5 Nxd5 30. Bc5 Qf6 31. Qe2 Qc6 32. Qe4 Qd7 33. Ne3 Nf6 34. Qc2 Rb8 35. Ra7 Qd8 36. Qa2 Rc8 37. Nf5 Rb8 38. Ne7+ Kh8 39. Qxf7 Rb1+ 40. Kg2 1-0

[Event "GER-chT U20"]
[Site "Cologne"]
[Date "2004.12.27"]
[Round "1.1"]
[White "Braun, Christian1111"]
[Black "De Wiljes, Jan Hendrik"]
[Result "1/2-1/2"]
[WhiteElo "2133"]
[BlackElo "2325"]
[PlyCount "143"]
[EventDate "2004.12.27"]
[EventType "team"]
[EventRounds "7"]
[EventCountry "GER"]
[SourceTitle "CBM 104 Extra"]
[Source "ChessBase"]
[SourceDate "2005.03.01"]
[SourceVersion "1"]
[SourceVersionDate "2005.03.01"]
[SourceQuality "1"]
[WhiteTeam "Herzogenrath (U20)"]
[BlackTeam "Ricklingen (U20)"]
[WhiteTeamCountry "GER"]
[BlackTeamCountry "GER"]

1. e4 e6 2. d3 c5 3. Nd2 Nc6 4. Ngf3 g6 5. g3 Bg7 6. Bg2 Nge7 7. 0-0 0-0 8. Re1 d6 9. Nf1 b5 10. h4 a5 11. Rb1 a4 12. Be3 a3 13. d4 d5 14. exd5 Nxd5 15. Ne5 Ncb4 16. Bd2 axb2 17. Bxb4 cxb4 18. Rxb2 Bb7 19. Ne3 Nxe3 20. Rxe3 Bxg2 21. Kxg2 Rxa2 22. Rxa2 Qd5+ 23. Qf3 Qxa2 24. Qc6 Bxe5 25. Rxe5 Qc4 26. Qxc4 bxc4 27. Rb5 Rd8 28. Rxb4 Rxd4 29. c3 Re4 30. Kf3 f5 31. Rb7 h6 32. Rc7 g5 33. hxg5 hxg5 34. Kg2 g4 35. Kf1 Kf8 36. f3 gxf3 37. Kf2 Ke8 38. Kxf3 Kd8 39. Rg7 Ke8 40. Rc7 Rg4 41. Ra7 e5 42. Ra5 Re4 43. Ra7 Re1 44. Rc7 Rd1 45. Rxc4 Kd7 46. Ke2 Rg1 47. Kf2 Rc1 48. g4 f4 49. g5 Ra1 50. g6 Ra6 51. g7 Rg6 52. Ra4 Ke7 53. Kf3 Rxg7 54. Ke4 Kf6 55. Ra6+ Kg5 56. Kxe5 f3 57. Ra1 Rc7 58. Rg1+ Kh4 59. Ke4 f2 60. Rf1 Kg3 61. Kd4 Kg2 62. Ra1 f1Q 63. Rxf1 Kxf1 64. c4 Ke2 65. c5 Rc8 66. Kd5 Kd3 67. c6 Rd8+ 68. Ke6 Kc4 69. c7 Rh8 70. Kd7 Kd5 71. c8Q Rxc8 72. Kxc8 1/2-1/2

[Event "GER-chT Lands U20"]
[Site "Bad Sulza"]
[Date "2004.11.18"]
[Round "5.1"]
[White "De Wiljes, Jan Hendrik"]
[Black "Schlawin, Marlon"]
[Result "1-0"]
[WhiteElo "2309"]
[BlackElo "2267"]
[PlyCount "68"]
[EventDate "2004.11.15"]
[EventType "team-swiss"]
[EventRounds "7"]
[EventCountry "GER"]
[SourceTitle "EXT 2006"]
[Source "ChessBase"]
[SourceDate "2005.11.24"]
[SourceVersion "1"]
[SourceVersionDate "2005.11.24"]
[SourceQuality "1"]

1. Nf3 d5 2. d4 e6 3. c4 c6 4. g3 Bd6 5. Nbd2 f5 6. Bg2 Nd7 7. b3 Ngf6 8. 0-0 0-0 9. Bb2 Qe8 10. Ne5 Qh5 11. e3 Qh6 12. Qe2 g5 13. f3 f4 14. Rf2 Nxe5 15. dxe5 Bc5 16. exf4 Nh5 17. fxg5 Qxg5 18. b4 Bxf2+ 19. Qxf2 a5 20. b5 cxb5 21. cxd5 exd5 22. f4 Nxf4 23. gxf4 Rxf4 24. Nf3 Qg6 25. Kh1 Bg4 26. Qg3 Bxf3 27. Bxf3 Qxg3 28. Bxd5+ Kf8 29. hxg3 Rf2 30. Bd4 Rd2 31. Rf1+ Kg7 32. Rf4 Rc8 33. Rg4+ Kh6 34. Be3+ Kh5 1-0

[Event "GER-chT Lands U20"]
[Site "Bad Sulza"]
[Date "2004.11.17"]
[Round "4.1"]
[White "De Wiljes, Jan Hendrik"]
[Black "Dubkov, Andrej"]
[Result "1-0"]
[WhiteElo "2309"]
[BlackElo "2319"]
[PlyCount "55"]
[EventDate "2004.11.15"]
[EventType "team-swiss"]
[EventRounds "7"]
[EventCountry "GER"]
[SourceTitle "EXT 2006"]
[Source "ChessBase"]
[SourceDate "2005.11.24"]
[SourceVersion "1"]
[SourceVersionDate "2005.11.24"]
[SourceQuality "1"]

1. e4 d5 2. exd5 Qxd5 3. Nc3 Qa5 4. d4 c6 5. Bc4 Bf5 6. Bd2 e6 7. g4 Bg6 8. Qe2 Bb4 9. f4 Ne7 10. 0-0-0 0-0 11. h4 h5 12. f5 exf5 13. gxh5 Bh7 14. Nf3 Nd5 15. Bxd5 cxd5 16. Rdg1 Bxc3 17. bxc3 Kh8 18. Rxg7 Qa3+ 19. Kd1 Kxg7 20. Rg1+ Kh8 21. Bh6 Nd7 22. Qg2 Bg6 23. hxg6 Rg8 24. g7+ Kh7 25. Ng5+ Kg6 26. h5+ Kf6 27. Qxd5 Qe7 28. Nh7# 1-0

[Event "GER-ch Lands U20"]
[Site "Kassel"]
[Date "2003.10.19"]
[Round "1.1"]
[White "Kraemer, Martin"]
[Black "De Wiljes, Jan Hendrik"]
[Result "1/2-1/2"]
[WhiteElo "2213"]
[BlackElo "2254"]
[PlyCount "110"]
[EventDate "2003.10.19"]
[EventType "team"]
[EventRounds "7"]
[EventCountry "GER"]
[SourceTitle "EXT 2004"]
[Source "ChessBase"]
[SourceDate "2003.11.25"]
[SourceVersion "1"]
[SourceVersionDate "2003.11.25"]
[SourceQuality "1"]

1. e4 g6 2. d4 Bg7 3. Nc3 c6 4. Nf3 d5 5. Bf4 dxe4 6. Nxe4 Qb6 7. b3 Bf5 8. Ng3 Bg4 9. Bc4 Bxf3 10. Qxf3 Nf6 11. 0-0 0-0 12. Rfe1 e6 13. Rad1 Nbd7 14. Bc1 Rad8 15. Bb2 Qa5 16. a3 Nd5 17. Bf1 b5 18. c4 bxc4 19. bxc4 Ne7 20. Ne4 Qc7 21. Bc1 Nf5 22. Bf4 e5 23. dxe5 Nxe5 24. Qc3 Rxd1 25. Rxd1 Qe7 26. Bg5 Qe6 27. Nc5 Qe8 28. Qa5 h6 29. Bf4 Qe7 30. h3 Nh4 31. Bg3 Qg5 32. Kh1 Nf5 33. Bxe5 Bxe5 34. Nd7 Bd4 35. Rxd4 Ng3+ 36. fxg3 Qxa5 37. Nxf8 Kxf8 38. Rd3 f5 39. Rf3 Ke7 40. Kh2 Qe5 41. Bd3 Kd6 42. h4 h5 43. Bf1 Kc5 44. Rf4 Kb6 45. Rf3 Ka5 46. Bd3 Qd4 47. Bf1 c5 48. Rf4 Qd2 49. Rf3 Qc1 50. Be2 Ka4 51. Bd3 a6 52. Be2 a5 53. Rd3 Qxc4 54. Bd1+ Kb5 55. Be2 Ka4 1/2-1/2

[Event "Berlin Unicorn op"]
[Site "Berlin"]
[Date "2003.06.01"]
[Round "7"]
[White "Crickmore, Neil EG"]
[Black "De Wiljes, Jan Hendrik"]
[Result "0-1"]
[WhiteElo "2126"]
[BlackElo "2236"]
[PlyCount "66"]
[EventDate "2003.05.28"]
[EventType "swiss"]
[EventRounds "7"]
[EventCountry "GER"]
[SourceTitle "CBM 094 Extra"]
[Source "ChessBase"]
[SourceDate "2003.07.09"]
[SourceVersion "2"]
[SourceVersionDate "2003.07.09"]
[SourceQuality "1"]

1. d4 g6 2. c4 Bg7 3. Nc3 c5 4. d5 Bxc3+ 5. bxc3 f5 6. g4 fxg4 7. e4 Qa5 8. Qc2 d6 9. h3 g3 10. f4 Nd7 11. Nf3 Nb6 12. Bd3 Nh6 13. Ng5 Bd7 14. 0-0 0-0-0 15. Be3 Rdf8 16. f5 Rf6 17. Rf3 Ba4 18. Qd2 Nd7 19. Rxg3 gxf5 20. Ne6 Nf7 21. Qg2 Nde5 22. Rg8+ Rxg8 23. Qxg8+ Nd8 24. exf5 Nxd3 25. Bg5 Rxe6 26. fxe6 Qxc3 27. Rf1 Qd4+ 28. Kg2 Qxc4 29. Rf8 Qxd5+ 30. Kg3 Qe5+ 31. Kh4 Bd1 32. Rxd8+ Kc7 33. Bxe7 Qf4+ 0-1

[Event "Berlin Unicorn op"]
[Site "Berlin"]
[Date "2003.05.30"]
[Round "4"]
[White "De Wiljes, Jan Hendrik"]
[Black "Figura, Atila Gajo"]
[Result "1/2-1/2"]
[WhiteElo "2236"]
[BlackElo "2111"]
[PlyCount "89"]
[EventDate "2003.05.28"]
[EventType "swiss"]
[EventRounds "7"]
[EventCountry "GER"]
[SourceTitle "CBM 094 Extra"]
[Source "ChessBase"]
[SourceDate "2003.07.09"]
[SourceVersion "2"]
[SourceVersionDate "2003.07.09"]
[SourceQuality "1"]

1. e4 c5 2. Nf3 e6 3. d3 Nc6 4. g3 g6 5. Bg2 Bg7 6. 0-0 Nge7 7. Re1 d6 8. c3 e5 9. Be3 0-0 10. d4 exd4 11. cxd4 Bg4 12. d5 Bxb2 13. Nbd2 Bxa1 14. Qxa1 Nb4 15. Rc1 f6 16. h3 Bc8 17. a3 Na6 18. Rb1 Nc7 19. a4 b6 20. Nc4 Ba6 21. Bf1 Nc8 22. Re1 Rb8 23. g4 Bb7 24. Bc1 a6 25. Qc3 b5 26. axb5 Nxb5 27. Qd2 Ne7 28. Bb2 g5 29. h4 Ng6 30. hxg5 Ne5 31. Nfxe5 fxe5 32. Nxe5 dxe5 33. Bxe5 Qd7 34. Qd1 Nd4 35. f4 Rbe8 36. Bf6 Bxd5 37. Bg2 Bb7 38. f5 Qc7 39. Qd3 Qf4 40. Qc4+ Rf7 41. Bxd4 cxd4 42. g6 hxg6 43. fxg6 Qf2+ 44. Kh2 Qf4+ 45. Kg1 1/2-1/2

[Event "Berlin Unicorn op"]
[Site "Berlin"]
[Date "2003.05.29"]
[Round "2"]
[White "De Wiljes, Jan Hendrik"]
[Black "Czaeczine, Anne"]
[Result "1-0"]
[WhiteElo "2166"]
[BlackElo "2025"]
[PlyCount "87"]
[EventDate "2003.05.28"]
[EventType "swiss"]
[EventRounds "7"]
[EventCountry "GER"]
[SourceTitle "CBM 094 Extra"]
[Source "ChessBase"]
[SourceDate "2003.07.09"]
[SourceVersion "2"]
[SourceVersionDate "2003.07.09"]
[SourceQuality "1"]

1. e4 c5 2. c4 Nc6 3. Nc3 g6 4. g3 Bg7 5. Bg2 e6 6. Nge2 Nge7 7. 0-0 0-0 8. d3 d6 9. Rb1 a6 10. a3 Nd4 11. Nxd4 Bxd4 12. Ne2 Bg7 13. Be3 b6 14. d4 Bb7 15. dxc5 bxc5 16. b4 cxb4 17. Rxb4 Qd7 18. Qb3 Bc6 19. Qb1 Rfc8 20. Rd1 Rc7 21. Qd3 Nc8 22. Nd4 a5 23. Rbb1 Ba4 24. Rdc1 Ne7 25. Nb5 Rc6 26. Nc3 Rca6 27. Nxa4 Qxa4 28. e5 d5 29. cxd5 exd5 30. f4 Qd7 31. Bc5 Bf8 32. Bd6 Rxd6 33. exd6 Qxd6 34. Rb5 Rd8 35. Rd1 Rc8 36. a4 Rc5 37. Kh1 Nc6 38. Rxc5 Qxc5 39. Qxd5 Qc2 40. Rf1 Ne7 41. Qxa5 Nf5 42. Qa7 Bc5 43. Qa8+ Kg7 44. Qe4 1-0

[Event "Hannover-ch MT"]
[Site "Hannover"]
[Date "2002.10.05"]
[Round "2"]
[White "De Wiljes, Jan Hendrik"]
[Black "Wittur, Helge"]
[Result "1-0"]
[WhiteElo "2242"]
[BlackElo "1965"]
[PlyCount "101"]
[EventDate "2002.10.04"]
[EventType "swiss"]
[EventRounds "7"]
[EventCountry "GER"]
[SourceTitle "EXT 2021"]
[Source "ChessBase"]
[SourceDate "2020.10.23"]
[SourceVersion "1"]
[SourceVersionDate "2020.10.23"]
[SourceQuality "1"]

1. e4 e6 2. d3 d5 3. Nd2 c5 4. Ngf3 Nf6 5. g3 Nc6 6. Bg2 Be7 7. 0-0 0-0 8. Re1 d4 9. e5 Nd5 10. Ne4 Qc7 11. Neg5 Bxg5 12. Bxg5 Nde7 13. h4 h6 14. Bd2 Bd7 15. h5 f5 16. exf6 Rxf6 17. Bf4 Rxf4 18. gxf4 Rf8 19. Ne5 Rxf4 20. Nxd7 Qxd7 21. Bh3 Nf5 22. Re4 Rxe4 23. dxe4 Nd6 24. Qg4 Nd8 25. Rd1 Qc6 26. Qh4 N6f7 27. e5 Qa4 28. Rd2 Qxa2 29. f4 Qxb2 30. Rg2 Qc1+ 31. Kh2 Kf8 32. Qg3 Ke8 33. Qf2 Qe3 34. Qxe3 dxe3 35. Rxg7 Ng5 36. Bg4 Ne4 37. Kg2 a5 38. Kf3 Nc3 39. Kxe3 a4 40. Bf3 a3 41. Rg1 b5 42. Kd3 Nd5 43. Bxd5 exd5 44. Rg6 b4 45. Rxh6 Ke7 46. Kd2 Ne6 47. f5 Nd4 48. Rh7+ Kf8 49. e6 a2 50. e7+ Ke8 51. f6 1-0

[Event "GER-ch U18"]
[Site "Winterberg"]
[Date "2002.05.23"]
[Round "8"]
[White "Braun, Arik"]
[Black "De Wiljes, Jan Hendrik"]
[Result "1/2-1/2"]
[WhiteElo "2286"]
[BlackElo "2222"]
[PlyCount "44"]
[EventDate "2002.05.19"]
[EventType "swiss"]
[EventRounds "8"]
[EventCountry "GER"]
[SourceTitle "CBM 088 Extra"]
[Source "ChessBase"]
[SourceDate "2002.07.01"]
[SourceVersion "2"]
[SourceVersionDate "2002.07.01"]
[SourceQuality "1"]

1. d4 d6 2. c4 e5 3. Nc3 exd4 4. Qxd4 Nf6 5. e4 Nc6 6. Qd2 g6 7. g3 Bg7 8. Bg2 0-0 9. Nge2 Ne5 10. b3 Bg4 11. Qe3 Bxe2 12. Qxe2 Nc6 13. Bb2 Nd4 14. Qd2 Nd7 15. 0-0 a6 16. f4 Rb8 17. Nd5 c5 18. Bh3 Nf6 19. Bxd4 cxd4 20. Rae1 Nxd5 21. cxd5 Re8 22. Re2 Re7 1/2-1/2

[Event "GER-ch U18"]
[Site "Winterberg"]
[Date "2002.05.23"]
[Round "7"]
[White "De Wiljes, Jan Hendrik"]
[Black "Braun, Vitali"]
[Result "1/2-1/2"]
[WhiteElo "2222"]
[BlackElo "2178"]
[PlyCount "89"]
[EventDate "2002.05.19"]
[EventType "swiss"]
[EventRounds "8"]
[EventCountry "GER"]
[SourceTitle "CBM 088 Extra"]
[Source "ChessBase"]
[SourceDate "2002.07.01"]
[SourceVersion "2"]
[SourceVersionDate "2002.07.01"]
[SourceQuality "1"]

1. e4 e6 2. d3 d5 3. Nd2 Nf6 4. Ngf3 c5 5. g3 Nc6 6. Bg2 Be7 7. 0-0 Qc7 8. Re1 b6 9. c3 Bb7 10. exd5 Nxd5 11. Nc4 0-0 12. a4 Rfd8 13. Qe2 Rac8 14. Bg5 Bf6 15. Qc2 h6 16. Bxf6 Nxf6 17. Nfd2 Ne7 18. Ne4 Ned5 19. Qb3 Ba6 20. Rad1 Kf8 21. Na3 Nxe4 22. dxe4 Ne7 23. Nb5 Rxd1 24. Rxd1 Bxb5 25. axb5 e5 26. Qa2 Re8 27. Bf1 Ng8 28. f3 Nf6 29. Kf2 Re7 30. Bh3 g5 31. Bf5 Re8 32. Ke2 Ke7 33. Ra1 Ra8 34. Qc4 Kf8 35. b4 Rd8 36. bxc5 bxc5 37. Ra6 Rd6 38. Ra2 Rd8 39. Qa4 Qd6 40. Qc2 Qb6 41. c4 Qc7 42. Ra1 Ne8 43. Ra6 Rd6 44. Ra3 Rd8 45. Ra6 1/2-1/2

[Event "GER-ch U18"]
[Site "Winterberg"]
[Date "2002.05.21"]
[Round "5"]
[White "De Wiljes, Jan Hendrik"]
[Black "Krensing, Jan"]
[Result "1/2-1/2"]
[WhiteElo "2222"]
[BlackElo "2140"]
[PlyCount "44"]
[EventDate "2002.05.19"]
[EventType "swiss"]
[EventRounds "8"]
[EventCountry "GER"]
[SourceTitle "CBM 088 Extra"]
[Source "ChessBase"]
[SourceDate "2002.07.01"]
[SourceVersion "2"]
[SourceVersionDate "2002.07.01"]
[SourceQuality "1"]

1. e4 c5 2. Nf3 g6 3. d4 cxd4 4. Nxd4 Bg7 5. Be3 Nc6 6. Nc3 Nf6 7. Bc4 Qa5 8. 0-0 0-0 9. Bb3 d6 10. h3 Bd7 11. f4 Nxd4 12. Bxd4 Bc6 13. Qe1 Qb4 14. Rd1 Nxe4 15. Bxg7 Kxg7 16. Nd5 Qc5+ 17. Kh2 Nf6 18. Nc7 Bxg2 19. Qxe7 Bxh3 20. Kxh3 Qf5+ 21. Kg2 Qg4+ 22. Kf2 Qh4+ 1/2-1/2